Ethnies de Côte-d’Ivoire - Statistiques

Statistiques générales
  • Ce quiz a été pris 239 fois
  • Le résultat moyen est 11 sur 61
Statistiques - réponses
Nom % Correct
Akan Baoulé
84%
Krou Bété
84%
Gour Sénoufo
62%
Akan Agni
61%
Mandé Gouro
54%
Krou Guéré
49%
Akan Attié/Akyé
48%
Akan Ebrié
46%
Mandé Malinké
42%
Mandé Yacouba/Dan
38%
Akan Abbey
36%
Krou Wobè
34%
Akan Adjoukrou
32%
Akan Abron
30%
Akan Abidji
29%
Akan Appolo/N’zima
29%
Akan Abouré
28%
Krou Kroumen
28%
Akan Avikam
24%
Gour Koulango
24%
Gour Tagbana/Tagouana
22%
Gour Lobi
21%
Krou Gagou
17%
Akan Ehotilé
15%
Gour Djimini
13%
Krou Godié
12%
Mandé Mahou
11%
Akan Alladian
10%
Mandé Toura
10%
Akan Ahizi
9%
Krou Neyo
9%
Akan M’batto
8%
Krou Bakwe
6%
Mandé Wan
6%
Gour Gbin
4%
Krou Niaboua
4%
Gour Camara
3%
Gour Birifor
2%
Gour Degha
2%
Gour Djamala
2%
Akan Ega
2%
Akan Essouma
2%
Akan Gwa
2%
Krou Kouzié
2%
Gour Nafara
2%
Akan Ayahou
1%
Akan Brignan
1%
Krou Diba
1%
Gour Djafolo
1%
Gour Lohon
1%
Gour Lohron
1%
Mandé Mangoro
1%
Gour Niarafolo
1%
Gour Ténéwéré
1%
Krou Wini
1%
Akan Yowrè
1%
Akan Elomouin
0%
Mandé Koyata
0%
Mandé Nomou
0%
Gour Samassogo
0%
Gour Tiembara
0%
Aucun quiz correspondant
Distribution des résultats
% des personnes avec chaque résultat
Percentile par nombre de réponses
Votre historique - résultats
Vous n’avez pas pris ce quiz